| 000 | 00476nam a22001697a 4500 | ||
|---|---|---|---|
| 003 | NUST - PNEC | ||
| 005 | 20170116180912.0 | ||
| 008 | 150903b xxu||||| |||| 00| 0 eng d | ||
| 020 | _a- | ||
| 040 | _cLIBRARY | ||
| 082 | _a620.3 COL | ||
| 100 |
_97144 _aCollacott, R. A. |
||
| 245 |
_aMechanical vibrations : their calculation, measutrement, effects and suppression _cR. A. Collacott |
||
| 260 | _cc.1946 | ||
| 650 |
_97150 _aMechanical engineering _xME |
||
| 942 |
_2ddc _cBK |
||
| 999 |
_c65314 _d65314 |
||